[Event "GER-ch U25-B"]
[Site "Willingen"]
[Date "2017.06.04"]
[Round "1"]
[White "Lohrmann, Linus"]
[Black "Youness, Fatima"]
[Result "0-1"]
[WhiteElo "1343"]
[BlackElo "1196"]
[PlyCount "166"]
[EventDate "2017.06.04"]
[EventType "swiss"]
[EventRounds "9"]
[EventCountry "GER"]
[SourceTitle "CBM 178 Extra"]
[Source "ChessBase"]
[SourceDate "2017.06.22"]
[SourceVersion "1"]
[SourceVersionDate "2017.06.22"]
[SourceQuality "1"]

1. e4 e5 2. Nf3 Nc6 3. d4 exd4 4. Bc4 Nf6 5. e5 d5 6. Bb5 Ne4 7. Nxd4 Bd7 8. Be3 Nxe5 9. Qe2 c6 10. Bd3 Bd6 11. c4 Qa5+ 12. Bd2 Nxd3+ 13. Qxd3 Nxd2 14. Nxd2 Bb4 15. N4b3 Bxd2+ 16. Nxd2 0-0-0 17. 0-0 Be6 18. b4 Qxb4 19. Rab1 Qe7 20. cxd5 Rxd5 21. Qe3 b6 22. Rbc1 Kb7 23. Nf3 Qd6 24. Qc3 Rc5 25. Qxg7 Rd8 26. h3 h5 27. Ng5 Qd7 28. Rcd1 Rd5 29. Rc1 Qe7 30. Nxe6 Qxe6 31. Rfe1 Qd7 32. Qf6 Rf5 33. Qh4 Re8 34. Rcd1 Rxe1+ 35. Rxe1 f6 36. Qb4 Re5 37. Rc1 Qe7 38. Qd2 Re2 39. Qd1 h4 40. a4 Kc7 41. Kf1 Re5 42. Qg4 Re4 43. Qf3 c5 44. Ra1 Qe5 45. Rd1 Rxa4 46. Qb3 Ra1 47. Qf7+ Kb8 48. Qg8+ Kb7 49. Qh7+ Ka6 50. Qd3+ b5 51. Qb3 Rxd1+ 52. Qxd1 b4 53. Qd3+ Kb6 54. Qd8+ Ka6 55. Qc8+ Kb6 56. Qd8+ Kb7 57. Qd7+ Qc7 58. Qd5+ Kb6 59. Qe6+ Qc6 60. Qe7 b3 61. Qd8+ Ka6 62. Qd3+ Qb5 63. Ke2 Qxd3+ 64. Kxd3 Ka5 65. Kc3 Ka4 66. Kb2 c4 67. g4 c3+ 68. Kc1 Ka3 69. f4 Ka2 70. g5 fxg5 71. fxg5 b2+ 72. Kc2 b1Q+ 73. Kxc3 a5 74. g6 Qxg6 75. Kd2 Kb2 76. Ke3 Qf5 77. Kd4 a4 78. Ke3 a3 79. Kd4 a2 80. Ke3 a1Q 81. Kd4 Qa4+ 82. Ke3 Qff4+ 83. Ke2 Qae4+ 0-1

[Event "GER-chT Lands U20"]
[Site "Hannover"]
[Date "2015.10.04"]
[Round "3.8"]
[White "Youness, Fatima"]
[Black "Kieckbusch, Lotta"]
[Result "1-0"]
[WhiteElo "1413"]
[BlackElo "993"]
[PlyCount "83"]
[EventDate "2015.10.03"]
[EventType "team-swiss"]
[EventRounds "7"]
[EventCountry "GER"]
[SourceTitle "CBM 168 Extra"]
[Source "ChessBase"]
[SourceDate "2015.10.29"]
[SourceVersion "1"]
[SourceVersionDate "2015.10.29"]
[SourceQuality "1"]
[WhiteTeam "Baden (U20) II"]
[BlackTeam "Hamburg (U20)"]
[WhiteTeamCountry "GER"]
[BlackTeamCountry "GER"]

1. e4 c6 2. d4 d5 3. exd5 cxd5 4. Nc3 Nf6 5. Nf3 Bg4 6. Bf4 Nc6 7. Bb5 Ne4 8. Qd3 Nf6 9. Ne5 Rc8 10. h4 e6 11. f3 Bf5 12. Qe2 Bb4 13. g4 Bxc2 14. Qxc2 a6 15. Bxc6+ bxc6 16. Qa4 Bxc3+ 17. bxc3 Qb6 18. 0-0 Qb5 19. Qb3 Qe2 20. Qb7 0-0 21. Rf2 Qb5 22. Rb2 Qxb7 23. Rxb7 Rb8 24. Rab1 Rxb7 25. Rxb7 h6 26. Nxc6 Rc8 27. Ne7+ Kh7 28. Nxc8 a5 29. h5 a4 30. Ra7 a3 31. Rxa3 Kg8 32. Ra8 Kh7 33. a4 Ng8 34. a5 Nf6 35. a6 Nd7 36. a7 f6 37. Ne7 Nb6 38. Rb8 Nd7 39. Rb7 e5 40. a8Q Nf8 41. Qxf8 exf4 42. Qg8# 1-0

[Event "GER-ch U25 op-B"]
[Site "Willingen"]
[Date "2015.05.30"]
[Round "9"]
[White "Youness, Fatima"]
[Black "Bardorz, Stefan"]
[Result "1/2-1/2"]
[WhiteElo "1369"]
[BlackElo "1241"]
[PlyCount "134"]
[EventDate "2015.05.24"]
[EventType "swiss"]
[EventRounds "9"]
[EventCountry "GER"]
[SourceTitle "CBM 166 Extra"]
[Source "ChessBase"]
[SourceDate "2015.06.18"]
[SourceVersion "1"]
[SourceVersionDate "2015.06.18"]
[SourceQuality "1"]

1. e4 e5 2. Nf3 Nc6 3. d4 exd4 4. Nxd4 Bc5 5. Be3 Qf6 6. c3 Nge7 7. Bc4 Qg6 8. Qf3 0-0 9. 0-0 Ne5 10. Qe2 d6 11. f3 Nxc4 12. Qxc4 Bh3 13. Rf2 Rfe8 14. Nd2 Be6 15. Qe2 d5 16. Nb5 Bxe3 17. Qxe3 Rec8 18. Qc5 Kf8 19. Nxc7 dxe4 20. Nxe4 b6 21. Nxe6+ Qxe6 22. Qh5 Qf5 23. Qxf5 Nxf5 24. Re2 Re8 25. Rd1 Re7 26. Kf2 Rae8 27. Rdd2 f6 28. Ng3 Nxg3 29. hxg3 Rxe2+ 30. Rxe2 Rd8 31. Ke1 Kf7 32. Rd2 Re8+ 33. Kf2 Re7 34. g4 Kg6 35. Rd5 h6 36. b4 Rc7 37. Rd3 Rc4 38. Ke3 h5 39. gxh5+ Kxh5 40. Rd5+ g5 41. Kd3 Rh4 42. Rd7 Kg6 43. c4 b5 44. Rd4 bxc4+ 45. Rxc4 Rh2 46. Rc2 Kf5 47. Ke3 g4 48. Rc5+ Kg6 49. Kf2 gxf3 50. Kxf3 Rh4 51. g4 Rh2 52. Ra5 Rh3+ 53. Kf4 Rh7 54. Ra6 Rb7 55. a3 Rc7 56. Re6 Rc3 57. Re3 Rc4+ 58. Re4 Rxe4+ 59. Kxe4 Kg5 60. Kf3 f5 61. a4 fxg4+ 62. Kg3 Kf5 63. b5 Ke6 64. a5 Kd6 65. b6 axb6 66. axb6 Kc6 67. Kxg4 Kxb6 1/2-1/2

[Event "GER-ch U25 op-B"]
[Site "Willingen"]
[Date "2015.05.27"]
[Round "6"]
[White "Youness, Fatima"]
[Black "Feil, Alexander"]
[Result "0-1"]
[WhiteElo "1369"]
[BlackElo "1276"]
[PlyCount "122"]
[EventDate "2015.05.24"]
[EventType "swiss"]
[EventRounds "9"]
[EventCountry "GER"]
[SourceTitle "CBM 166 Extra"]
[Source "ChessBase"]
[SourceDate "2015.06.18"]
[SourceVersion "1"]
[SourceVersionDate "2015.06.18"]
[SourceQuality "1"]

1. e4 d5 2. exd5 c6 3. dxc6 Nxc6 4. Nf3 e5 5. Nc3 Nf6 6. Bb5 Bd6 7. d4 exd4 8. Nxd4 Bd7 9. Nxc6 Bxc6 10. Bxc6+ bxc6 11. Be3 0-0 12. 0-0 Re8 13. Re1 Qc7 14. h3 Rad8 15. Qf3 h6 16. Rad1 a5 17. Bd4 Rxe1+ 18. Rxe1 Bh2+ 19. Kh1 Rxd4 20. g3 Bxg3 21. fxg3 Rd2 22. Re2 Rxe2 23. Nxe2 Qd7 24. Kg2 Qd5 25. Nc3 Qxf3+ 26. Kxf3 Kf8 27. Ke3 Ke7 28. Kd4 Kd6 29. Ne4+ Nxe4 30. Kxe4 c5 31. c4 g6 32. Kf4 f5 33. h4 Ke6 34. b3 Kf6 35. a3 g5+ 36. hxg5+ hxg5+ 37. Kf3 Ke5 38. b4 cxb4 39. axb4 a4 40. b5 Kd6 41. b6 Kc6 42. c5 a3 43. Ke3 a2 44. b7 Kxb7 45. Kd4 a1Q+ 46. Kd5 Qd1+ 47. Ke5 Qe2+ 48. Kxf5 Qc2+ 49. Kxg5 Qxc5+ 50. Kh4 Kc7 51. g4 Qe7+ 52. g5 Qh7+ 53. Kg4 Kd6 54. Kf4 Ke6 55. Kg4 Qe4+ 56. Kh5 Qf3+ 57. Kh6 Qh3+ 58. Kg7 Qh5 59. g6 Ke7 60. Kg8 Qxg6+ 61. Kh8 Qg5 0-1

[Event "GER-ch U25 op-B"]
[Site "Willingen"]
[Date "2015.05.26"]
[Round "5"]
[White "Theile, Cedric"]
[Black "Youness, Fatima"]
[Result "0-1"]
[WhiteElo "1116"]
[BlackElo "1369"]
[PlyCount "90"]
[EventDate "2015.05.24"]
[EventType "swiss"]
[EventRounds "9"]
[EventCountry "GER"]
[SourceTitle "CBM 166 Extra"]
[Source "ChessBase"]
[SourceDate "2015.06.18"]
[SourceVersion "1"]
[SourceVersionDate "2015.06.18"]
[SourceQuality "1"]

1. e4 e5 2. Nf3 Nc6 3. Bc4 Bc5 4. Nc3 Nf6 5. d3 d6 6. h3 Be6 7. Bxe6 fxe6 8. 0-0 Qd7 9. Qe2 0-0-0 10. Bg5 h6 11. Be3 Bb6 12. Na4 g6 13. Nxb6+ axb6 14. c3 g5 15. Nh2 Rdg8 16. f3 Nh5 17. Bf2 Nf4 18. Qe3 d5 19. Ng4 d4 20. cxd4 exd4 21. Qd2 Qg7 22. Bg3 Kb8 23. Bxf4 gxf4 24. Qxf4 h5 25. a3 hxg4 26. fxg4 Rf8 27. Qg3 Qe5 28. Qxe5 Nxe5 29. Rxf8+ Rxf8 30. Rd1 c6 31. Kh2 Kc7 32. Kg3 Kd6 33. h4 Ke7 34. g5 Kf7 35. h5 Kg7 36. Kh4 Rf2 37. g4 Rf4 38. Rg1 Nxd3 39. Kh3 Ne5 40. b4 d3 41. Rg2 Rxe4 42. g6 Re3+ 43. Kh2 Re2 44. g5 Ng4+ 45. Kg1 Re1# 0-1

[Event "GER-ch U25 op-B"]
[Site "Willingen"]
[Date "2015.05.25"]
[Round "3"]
[White "Youness, Fatima"]
[Black "Lange, Cecilia"]
[Result "0-1"]
[WhiteElo "1369"]
[BlackElo "1502"]
[PlyCount "119"]
[EventDate "2015.05.24"]
[EventType "swiss"]
[EventRounds "9"]
[EventCountry "GER"]
[SourceTitle "CBM 166 Extra"]
[Source "ChessBase"]
[SourceDate "2015.06.18"]
[SourceVersion "1"]
[SourceVersionDate "2015.06.18"]
[SourceQuality "1"]

1. e4 c6 2. d4 d5 3. exd5 cxd5 4. Bd3 Nf6 5. h3 Nc6 6. c3 e6 7. Nf3 Bd6 8. 0-0 0-0 9. Re1 a6 10. Nbd2 b5 11. Ne5 Qb6 12. Ndf3 b4 13. Rb1 h6 14. Bf4 a5 15. a3 bxc3 16. bxc3 Qc7 17. Qa4 Bxe5 18. Nxe5 Nxe5 19. dxe5 Nd7 20. Re3 Ba6 21. Bxa6 Rxa6 22. Rg3 Kh8 23. Qd4 Qc5 24. Rb7 Qxd4 25. cxd4 Nb6 26. Rb3 Nc4 27. a4 Kh7 28. h4 Kg6 29. g4 h5 30. f3 Rh8 31. g5 Rc8 32. Rc3 Rcc6 33. Rcb3 Rab6 34. Kf2 Rxb3 35. Rxb3 Nb6 36. Bd2 Nxa4 37. Bxa5 Rc2+ 38. Kg3 Nb2 39. Rc3 Rxc3 40. Bxc3 Nc4 41. Kf4 f6 42. Bb4 fxe5+ 43. dxe5 Nb2 44. Bd6 Nd3+ 45. Ke3 Ne1 46. Kf2 Nc2 47. Bf8 Kf7 48. Bd6 Nd4 49. Kg3 Nf5+ 50. Kh3 g6 51. Bb4 Ke8 52. Be1 Kd7 53. Kg2 Kc6 54. f4 Kc5 55. Kf3 Kd4 56. Bg3 Nxg3 57. Kxg3 Ke4 58. Kf2 Kxf4 59. Ke2 Kxe5 60. Kd3 0-1

[Event "GER-chT U18 Girls"]
[Site "Karlsruhe"]
[Date "2015.05.08"]
[Round "3.3"]
[White "Youness, Fatima"]
[Black "Syla, Albetina"]
[Result "1-0"]
[WhiteElo "1369"]
[BlackElo "1096"]
[PlyCount "73"]
[EventDate "2015.05.07"]
[EventType "team-swiss"]
[EventRounds "7"]
[EventCountry "GER"]
[SourceTitle "EXT 2017"]
[Source "ChessBase"]
[SourceDate "2016.10.25"]
[SourceVersion "1"]
[SourceVersionDate "2016.10.25"]
[SourceQuality "1"]
[WhiteTeam "Bad Mergentheim (W)"]
[BlackTeam "Hamburg CPG (W)"]
[WhiteTeamCountry "GER"]
[BlackTeamCountry "GER"]

1. e4 e5 2. Nf3 Nc6 3. d4 exd4 4. Nxd4 Bc5 5. Be3 Qf6 6. c3 Nge7 7. Bc4 0-0 8. 0-0 d6 9. b4 Bb6 10. a4 a5 11. b5 Nxd4 12. Bxd4 Bxd4 13. cxd4 Qg6 14. Nc3 Bh3 15. Qf3 Bg4 16. Qg3 Rac8 17. f3 Bh5 18. Qxg6 Bxg6 19. Rae1 c6 20. b6 d5 21. exd5 cxd5 22. Rxe7 Rxc4 23. Nxd5 Rxd4 24. Nc3 Rb8 25. Rfe1 f6 26. Rc7 Rb4 27. Nd5 Rd4 28. Ne7+ Kf7 29. Nc6+ Kf8 30. Nxd4 Bf7 31. Ree7 Bd5 32. Rxg7 h6 33. Rh7 Kg8 34. Rxh6 f5 35. Nxf5 Bc6 36. Rg7+ Kf8 37. Rh8# 1-0